Normal view
MARC view
Entry Personal Name
001 - CONTROL NUMBER
- control field: 168699
003 - CONTROL NUMBER IDENTIFIER
- control field: OSt
005 - DATE AND TIME OF LATEST TRANSACTION
- control field: 20220923225539.0
008 - FIXED-LENGTH DATA ELEMENTS
- fixed length control field: 220923|| aca||aabn | a|a d
040 ## - CATALOGING SOURCE
- Original cataloging agency: OSt
- Transcribing agency: OSt
100 ## - HEADING--PERSONAL NAME
- Personal name: पी केशवदेव; नंपूतिरि, बी. ए. केशव, अनु
670 ## - SOURCE DATA FOUND
- Source citation: Work cat.: (OSt)378998: पी केशवदेव; नंपूतिरि, बी. ए. केशव, अनु., आईना, 1973
